00383nam a22001457a 450000500170000000800410001702000180005804100080007608200100008410000240009424500820011826000140020030000080021465000150022220160629141022.0160629b xxu||||| |||| 00| 0 eng d a81-203-2615-6 aeng b10846 aPunnett, Bethy Jane aInternational Perspectives on organizational behavior and Human resource Mgt. bPHIc2004 a270 aManagement